Statistics for Countries by Football Clubs with Funny Names (Part 4)

Click here to take the quiz!

General Stats

  • This quiz has been taken 17 times
  • The average score is 5 of 16

Answer Stats

HintAnswer% Correct
Plymouth Argyle FCEngland
100%
Inverness Caledonian Thistle FCScotland
100%
Real Salt LakeUSA
94%
SuperSport United FCSouth Africa
50%
My People FCNigeria
44%
Be Quick 1887Netherlands
25%
Liberty Professionals FCGhana
19%
KF ShkupiNorth Macedonia
19%
Old Edwardians FCSierra Leone
13%
Fruta Conquerors FCGuyana
6%
Nyasa Big Bullets FCMalawi
6%
LALA FCVenezuela
6%
Ezra FCLaos
0%
Super United SportsMaldives
0%
New Road TeamNepal
0%
W Connection FCTrinidad and Tobago
0%

Score Distribution

Percentile by Number Answered

Percent of People with Each Score

Your Score History

You have not taken this quiz